Entry Personal Name
Number of records used in: 1
001 - CONTROL NUMBER
003 - CONTROL NUMBER IDENTIFIER
005 - DATE AND TIME OF LATEST TRANSACTION
- control field:
20220725093922.0
008 - FIXED-LENGTH DATA ELEMENTS
- fixed length control field:
180518n| azannaabn |n aaa
010 ## - LIBRARY OF CONGRESS CONTROL NUMBER
- LC control number:
n 2018028988
040 ## - CATALOGING SOURCE
- Original cataloging agency:
DLC
- Language of cataloging:
eng
- Description conventions:
rda
- Transcribing agency:
DLC
100 1# - HEADING--PERSONAL NAME
- Personal name:
Joshi, Prashant
670 ## - SOURCE DATA FOUND
- Source citation:
Statistical analysis in simple steps using R, 2018:
- Information found:
ECIP t.p. (Prashant Joshi) data view (Dept. of Management, Uka Tarsadia University, Bardoli, Surat [India])